000
00265nam a2200109Ia 4500
008
200302s9999 xx 000 0 und d
100
_a
Albert W. Porter
245
_a
Principles of Design Pattern
260
_b
Davis Publishing Inc.,
260
_c
1975
300
_a
80 P.,
999
_c
276
_d
276